CARDIORESPIRATORY PHYSIOTHERAPY : ADULTS AND PAEDIATRICS (Record no. 8766)

MARC details
000 -LEADER
fixed length control field 00489nam a22001817a 4500
005 - DATE AND TIME OF LATEST TRANSACTION
control field 20250415131342.0
008 - FIXED-LENGTH DATA ELEMENTS--GENERAL INFORMATION
fixed length control field 250414b |||||||| |||| 00| 0 eng d
020 ## - INTERNATIONAL STANDARD BOOK NUMBER
ISBN 978-81-312-6812-4
041 ## - LANGUAGE CODE
Language code of text/sound track or separate title eng
082 ## - DEWEY DECIMAL CLASSIFICATION NUMBER
Classification number 616.12 MAI-C
100 ## - MAIN ENTRY--AUTHOR NAME
Personal name MAIN, ELEANOR AND DENEHY, LINDA
245 ## - TITLE STATEMENT
Title CARDIORESPIRATORY PHYSIOTHERAPY : ADULTS AND PAEDIATRICS
250 ## - EDITION STATEMENT
Edition statement 5TH ED,
260 ## - PUBLICATION, DISTRIBUTION, ETC. (IMPRINT)
Place of publication GURGAON
Name of publisher ELSEVIER
Year of publication 2023
300 ## - PHYSICAL DESCRIPTION
Number of Pages 750;P
650 ## - SUBJECT ADDED ENTRY--TOPICAL TERM
Topical Term PHYSIOTHERAPY
942 ## - ADDED ENTRY ELEMENTS (KOHA)
Koha item type Books
Holdings
Lost status Damaged status Collection code Home library Current library Shelving location Date acquired Source of acquisition Cost, normal purchase price Full call number Accession Number Koha item type
    Reference JRU Library JRU Library SHELF-8-B RB 14/04/2025 PURCHASE 1420.00 616.120 28750 Books
    PHYSIOTHERAPY JRU Library JRU Library SHELF-20-B 14/04/2025 PURCHASE 1420.00 616.120 28751 Books